Library Banner

جلیانوالہ باغ (Record no. 79013)

MARC details
000 -LEADER
fixed length control field 00380nam a22001457a 4500
005 - DATE AND TIME OF LATEST TRANSACTION
control field 20151116163448.0
008 - FIXED-LENGTH DATA ELEMENTS--GENERAL INFORMATION
fixed length control field 151116b xxu||||| |||| 00| 0 eng d
040 ## - CATALOGING SOURCE
Transcribing agency PK-LaUMT
082 ## - DEWEY DECIMAL CLASSIFICATION NUMBER
Classification number KHC 891.4393
Item number QAM-J
100 ## - MAIN ENTRY--PERSONAL NAME
Personal name قمر یورش
245 ## - TITLE STATEMENT
Title جلیانوالہ باغ
Statement of responsibility, etc قمر یورش
260 ## - PUBLICATION, DISTRIBUTION, ETC. (IMPRINT)
Place of publication, distribution, etc لاہور
Name of publisher, distributor, etc ادبستان
Date of publication, distribution, etc 1990
300 ## - PHYSICAL DESCRIPTION
Extent 176 ص
942 ## - ADDED ENTRY ELEMENTS (KOHA)
Koha item type Books
Holdings
Withdrawn status Lost status Damaged status Home library Current library Date acquired Full call number Barcode Date last seen Price effective from Koha item type
      UMT Main Campus UMT Main Campus 2015-11-16 KHC 891.4393 QAM-J 67847 2015-11-16 2015-11-16 Books